Adivina el logo - Argentina 5 - Estadísticas

Estadísticas generales
  • Esta prueba ha sido intentada 34 veces
  • La puntuación promedio es 9 de 16
Estadísticas de respuestas
Imagen Respuesta % Correcto
Baggio
100%
Fanta
100%
Adidas
93%
Colgate
93%
Cepita
67%
Iguana
67%
Gran DT
63%
América Noticias
52%
Villa del Sur
52%
The Beatles
48%
Canal Gourmet
44%
Fibertel
44%
Whirlpool
44%
Gamma
26%
Foo Fighters
22%
Phillips
15%
No se encontraron pruebas coincidentes
Distribución de puntuación
Porcentaje de gente con cada puntuación
Porcentaje por número respondido
Historial de tus puntuaciones
No has intentado esta prueba.